00423nam a22001577a 4500003000400000008004100004020001800045082001700063100003800080245003500118250001400153260002900167300001100196650000800207700005000215OSt240507b |||||||| |||| 00| 0 eng d a9789354645945 a658.4012 GRC aGRANT, Robert M. and JOSE, P. D.  aContemporary Strategy Analysis a11th. ed. aNew Delhi,bWiley,c2023 a582 p. aMBA aYAYAVARAM, Sai and PALLATHITTA, Rejie George